000 00770cam a22002295a 4500
001 18310862
005 20201128023734.0
008 140922t2015 flua frb 001 0 eng d
020 _a9781482250411 (alk. paper)
040 _aDLC
_beng
_cDLC
_dDLC
_dEG-ScBUE
082 0 4 _a624.15136
_222
_bISH
100 1 _aIshibashi, Isao.
_939936
245 1 0 _aSoil mechanics fundamentals and applications /
_cIsao Ishibashi, Hemanta Hazarika.
250 _a2nd ed.
260 _aBoca Raton :
_bCRC Press / Taylor & Francis Group,
_cc.2015.
300 _axxiii, 408 p. :
_bill. ;
_c24 cm.
504 _aIncludes bibliographical references and indexes.
650 7 _aSoil mechanics.
_2BUEsh
_92673
653 _bBUSADM
_cMay2016
700 1 _aHazarika, Hemanta.
_929051
942 _2ddc
999 _c21710
_d21682